Paesi più vicini alla Guinea - sprint di un minuto - Statistics

Statistiche generali
  • Questo quiz è stato fatto 64 volte
  • Il punteggio medio è 14 su 20
Statistiche sulle risposte
km paese % Corretto
1001 Niger
100%
947 Benin
86%
540 Ghana
86%
0 Guinea-Bissau
86%
1137 Nigeria
86%
0 Liberia
79%
1657 Marocco
79%
280 Mauritania
79%
875 Togo
79%
267 Burkina Faso
71%
0 Côte d'Ivoire
71%
74 Gambia
71%
0 Senegal
71%
0 Sierra Leone
71%
1409 Algeria
64%
996 Cabo Verde
64%
0 Mali
57%
1831 Camerun
36%
1684 Spagna
21%
965 Sahara Occidentale
14%
Nessun quiz corrispondente trovato
Distribuzione punteggi
Percentuale di utenti per punteggio
Percentile per numero di risposta
I tuoi punteggi nel tempo
Non hai fatto questo quiz